=LDR 00000nam 2200000 4500 =001 INLIS000000000017124 =005 20130612112319 =008 ***********************************Ind** =035 ##$$0010-061300000017124 =041 ##$$a Ind =082 ##$$a 610.7 =090 ##$$a 610.7, Har r =100 ##$$a Harr, Robert R =245 ##$$a Resensi ilmu laboratorium klinis, Robert R. Harr ; aih bahasa, Heriawati Hartanto =260 ##$$a 2002 $b Jakarta =300 ##$$a xi, 351 hlm, 29 cm =650 ##$$a Kedokteran-Study dan pengajaran =850 ##$$a NBPNMAT =990 ##$$a 2090100882/BPAP-NTB/2015